Environmental satellite imagery. (National Enviromental Data Service) Washington. (Record no. 596206)

MARC details
000 -LEADER
fixed length control field 00892namaa2200277 a 4500
001 - CONTROL NUMBER
control field vtls001304889
003 - CONTROL NUMBER IDENTIFIER
control field NLI
005 - DATE AND TIME OF LATEST TRANSACTION
control field 20210627043905.0
008 - FIXED-LENGTH DATA ELEMENTS--GENERAL INFORMATION
fixed length control field 120418s1979 dcua 00 0 und
039 #9 - LEVEL OF BIBLIOGRAPHIC CONTROL AND CODING DETAIL [OBSOLETE]
-- 201204181935
-- VLOAD
040 0# - CATALOGING SOURCE
Original cataloging agency NLI
Transcribing agency VTLS-2012_FOD
Description conventions AACR2
041 0# - LANGUAGE CODE
Language code of text/sound track or separate title eng
044 ## - COUNTRY OF PUBLISHING/PRODUCING ENTITY CODE
MARC country code dcu
082 04 - DEWEY DECIMAL CLASSIFICATION NUMBER
Classification number 551.5073622
245 00 - TITLE STATEMENT
Title Environmental satellite imagery. (National Enviromental Data Service) Washington.
260 ## - PUBLICATION, DISTRIBUTION, ETC.
Place of publication, distribution, etc. Washington, D.C. :
Name of publisher, distributor, etc. Environmental Data and Information Service,
Date of publication, distribution, etc. 1979
300 ## - PHYSICAL DESCRIPTION
Extent Various pagings :
Other physical details ill. ;
Dimensions 29 cm.
440 ## - SERIES STATEMENT/ADDED ENTRY--TITLE
Title Key to meteorological records documentation
Volume/sequential designation no. 5.4
9 (RLIN) 725487
650 #0 - SUBJECT ADDED ENTRY--TOPICAL TERM
Topical term or geographic name entry element Weather
9 (RLIN) 725488
650 #0 - SUBJECT ADDED ENTRY--TOPICAL TERM
Topical term or geographic name entry element Atmospheric physics
9 (RLIN) 712600
887 ## - NON-MARC INFORMATION FIELD
Content of non-MARC field
901 ## - LOCAL DATA ELEMENT A, LDA (RLIN)
a AD 87381
b 31.08.2010
902 ## - LOCAL DATA ELEMENT B, LDB (RLIN)
a U.S 551.5073622 En 88
949 ## - LOCAL PROCESSING INFORMATION (OCLC)
-- VIRTUAITEM
-- 10000
-- 100
6 ADX000087381ENG
942 ## - ADDED ENTRY ELEMENTS (KOHA)
Source of classification or shelving scheme Dewey Decimal Classification
Koha item type Books
Holdings
Withdrawn status Lost status Damaged status Not for loan Collection code Home library Current library Shelving location Date acquired Total Checkouts Full call number Barcode Date last seen Price effective from Koha item type
          National Library of India National Library of India       U.S 551.5073622 En 88 ADX000087381ENG 27/06/2021 27/06/2021 Books
                                                                           
web counter

Copyright ©2020 The National Library of India, Govt. of India ↔ Hosted by NVLI, MOC ↔ Technology and Design by National Library of India, Ministry of Culture, Govt. of India